Paroles - Beau la folie - Lomepal - Statistiques

Statistiques générales
  • Ce quiz a été pris 594 fois
    590 depuis la dernière actualisation
  • Le résultat moyen est 340 sur 478
Statistiques - réponses
Hint Paroles % Correct
* a
96%
* à
96%
* de
96%
* la
96%
*
96%
*
96%
* beau
95%
* Beau
95%
* Ce
95%
* ma
95%
* Ma
95%
* folie
94%
* C'est
91%
* c'est
91%
* en
91%
* le
91%
* J'ai
89%
* des
88%
* et
88%
* Et
88%
* les
88%
* Les
88%
* sa
88%
* se
88%
* elle
86%
* Elle
86%
* grand-mère
85%
* Grand-mère
85%
* pas
84%
* plus
84%
* Plus
84%
* pu
84%
* que
84%
* Que
84%
* peu
83%
* dans
82%
* était
82%
* soeur
81%
* cette
80%
* Cette
80%
* folle
80%
* pour
79%
* Pour
79%
* sans
79%
* Mon
78%
* un
78%
* du
77%
* jamais
77%
* je
77%
* Je
77%
* est
76%
* Il
76%
* On
76%
* on
76%
* Tout
76%
* tout
76%
* frère
75%
* mère
75%
* ses
75%
* blague
74%
* famille
74%
* fille
73%
* par
73%
* y
73%
* amis
72%
* créé
72%
* fait
72%
* grande
72%
* j'aurais
72%
* lui
72%
* Mais
72%
* monde
72%
* Trois
72%
* comprendre
71%
* depuis
70%
* Dieu
70%
* vu
70%
* ans
69%
* dix
69%
* son
69%
* toujours
69%
* eu
68%
* Grand-père
68%
* Heureusement
68%
* n'y
68%
* place
68%
* putain
68%
* qu'elle
68%
* trouvé
68%
* avant
67%
* gens
67%
* grandissant
67%
*
67%
* papiers
67%
* peur
67%
* soeurs
67%
* bien
66%
* comme
66%
* connaitre
66%
* Ils
66%
* mots
66%
* Noël
66%
* choses
65%
* enfin
65%
* machine
65%
* magiques
65%
* semblant
65%
* d'amour
64%
* déchirant
64%
* demandé
64%
* morte
64%
* Quand
64%
* quand
64%
* vitamine D
64%
* criant
63%
* disent
63%
* juillet
63%
* nue
63%
* peut-être
63%
* sentent
63%
* souri
63%
* cancer
62%
* embrouilles
62%
* qui
62%
* serait
62%
* voulu
62%
* Y'a
62%
* zinzin
62%
* dit
61%
* d'un
61%
* marchait
61%
* m'ennuyer
61%
* normaux
61%
* vie
61%
* identité
60%
* attendue
59%
* douane
59%
* malsaine
59%
* J'l'ai
58%
* tous
58%
* Tous
58%
* une
58%
* loin
57%
* d'être
56%
* détruit
56%
* parfaite
56%
* sur
56%
* oh
55%
* Oh
55%
* aimants
54%
* naïvement
54%
* présenter
54%
* trop
54%
* bout
53%
* être
53%
* pleine
53%
* Pleine
53%
* rentrant
53%
* tour
53%
* croyances
52%
* Guidée
52%
* jusqu'au
52%
* mode
52%
* pourquoi
52%
* s'aime
52%
* s'attire
52%
* vrai
52%
* Avec
51%
* l'amour
51%
* tête
51%
* bande
50%
* choix
50%
* d'arrêt
50%
* d'urgence
50%
* fera
50%
* random
50%
* sauver
50%
* faire
49%
* nous
49%
* deux
48%
* forcément
48%
* ira
48%
* viens
48%
* nos
46%
* chance
45%
* détestera
45%
* murs
45%
* rendort
45%
* aucune
44%
* chantent
44%
* d'air
44%
* matin
44%
* ouais
44%
* pulsions
44%
* qu'il
44%
* victimes
44%
* flemme
43%
* pars
43%
* courants
41%
* Si
41%
* réveil
40%
* sonne
40%
* soleil
34%
* changent
33%
* disait
31%
* part
26%
* droite
25%
* avait
23%
* suit
23%
* va
23%
* Moi
19%
* nouvelle
18%
* Allez
16%
* allez
16%
* croisement
15%
* fois
13%
* rien
13%
* six
13%
* voir
13%
* prenait
12%
* chaque
11%
* regarder
11%
* vous
11%
* rêvais
10%
* trucs
10%
* ues-r
10%
* valises
10%
* vies
10%
* 4L
9%
* demandait
9%
* voyait
9%
* doubler
8%
* qu'on
8%
* nouvelles
6%
* rigolait
6%
* avoir
5%
* merveilleuse
5%
* y'avait
4%
* place(her place)
2%
Aucun quiz correspondant
Distribution des résultats
% des personnes avec chaque résultat
Percentile par nombre de réponses
Votre historique - résultats
Vous n’avez pas pris ce quiz depuis la dernière actualisation